Настольная книга директора по маркетингу: маркетинговое планирование: полное пошаговое руководство

Bibliografske podrobnosti
Glavni avtor: Хибинг Р. Роман
Drugi avtorji: Купер С. Скотт
Izvleček:Большинство маркетологов начинают свое обучение с книги Ф. Котлера «Маркетинг» — классического теоретического учебника. Однако даже после самого тщательного изучения теории они не готовы к реальной практической деятельности. Как на практике применить все теоретические знания? С чего начать? Какие вопросы и как надо решать на каждом этапе работы над маркетинговым проектом? В книге нет пустого теоретизирования. Только конкретные советы, способные помочь разрешить любую проблему, независимо от размера компании и опыта менеджера. Популярная книга Романа Хибинга и Скотта Купера стала обязательным учебным пособием для ведущих бизнес-школ мира благодаря своей исключительной практической направленности. Каждый этап работы над маркетинговым планом описывается подробно, включая все инструменты и методики, необходимые на практике. Книга станет незаменимым помощником для руководителей компаний, директоров по маркетингу и развитию бизнеса, менеджеров по маркетингу, бренд-менеджеров, консультантов-маркетологов, преподавателей и студентов МВА, бизнес-школ и экономических вузов.
Jezik:ruščina
Izdano: Москва, Эксмо, 2007
Serija:Настольная книга специалиста
Teme:
Format: MixedMaterials Knjiga
KOHA link:https://koha.lib.tpu.ru/cgi-bin/koha/opac-detail.pl?biblionumber=131631

MARC

LEADER 00000nam0a2200000 4500
001 131631
005 20231031134529.0
010 |a 9785699224784 
035 |a (RuTPU)RU\TPU\book\142559 
090 |a 131631 
100 |a 20080220d2007 km y0rusy50 ca 
101 1 |a rus  |c eng 
102 |a RU 
105 |a a z 001zy 
200 1 |a Настольная книга директора по маркетингу: маркетинговое планирование  |e полное пошаговое руководство  |f Р. Хибинг, С. Купер 
210 |a Москва  |c Эксмо  |d 2007 
215 |a 832 с.  |c ил. 
225 1 |a Настольная книга специалиста 
320 |a Предметный указатель: с. 821-825. 
330 |a Большинство маркетологов начинают свое обучение с книги Ф. Котлера «Маркетинг» — классического теоретического учебника. Однако даже после самого тщательного изучения теории они не готовы к реальной практической деятельности. Как на практике применить все теоретические знания? С чего начать? Какие вопросы и как надо решать на каждом этапе работы над маркетинговым проектом? В книге нет пустого теоретизирования. Только конкретные советы, способные помочь разрешить любую проблему, независимо от размера компании и опыта менеджера. Популярная книга Романа Хибинга и Скотта Купера стала обязательным учебным пособием для ведущих бизнес-школ мира благодаря своей исключительной практической направленности. Каждый этап работы над маркетинговым планом описывается подробно, включая все инструменты и методики, необходимые на практике. Книга станет незаменимым помощником для руководителей компаний, директоров по маркетингу и развитию бизнеса, менеджеров по маркетингу, бренд-менеджеров, консультантов-маркетологов, преподавателей и студентов МВА, бизнес-школ и экономических вузов. 
610 1 |a экономика 
610 1 |a маркетинг 
610 1 |a маркетинговая информация 
610 1 |a бизнес-анализ 
610 1 |a продажи 
610 1 |a целевые объекты 
610 1 |a торговые марки 
610 1 |a позиционирование 
610 1 |a маркетинговые стратегии 
610 1 |a товар 
610 1 |a названия 
610 1 |a упаковка 
610 1 |a ценообразование 
610 1 |a распределение 
610 1 |a обслуживание 
610 1 |a сбыт 
610 1 |a стимулирование 
610 1 |a реклама 
610 1 |a СМИ 
610 1 |a интернет-маркетинг 
610 1 |a мерчендайзинг 
610 1 |a PR 
610 1 |a связи с общественностью 
610 1 |a бюджет 
610 1 |a окупаемость 
610 1 |a календарный план 
610 1 |a реализация 
610 1 |a маркетинговый план 
610 1 |a оценка 
610 1 |a эффективность 
610 1 |a тестирование 
610 1 |a таблицы 
610 1 |a шаблоны 
686 |a У821.4  |v LBC/SL-A  |2 rubbk 
700 1 |a Хибинг  |b Р.  |g Роман 
701 1 |a Купер  |b С.  |g Скотт 
801 1 |a RU  |b 63413507  |c 20080220  |g PSBO 
801 2 |a RU  |b 63413507  |c 20150518  |g PSBO 
900 |a Товарная политика организаций 
942 |c BK 
959 |a 19/20080219  |d 2  |e 500,00  |f АНЛ:1  |f ЧЗГЛ:1